1977 Assembly elections in Haryana: A study of the voting behaviour of industrial workers (Record no. 10232)
[ view plain ]
| 000 -LEADER | |
|---|---|
| fixed length control field | 00571nam a2200169Ia 4500 |
| 082 ## - DEWEY DECIMAL CLASSIFICATION NUMBER | |
| Classification number | RC.0024 |
| 100 ## - MAIN ENTRY--AUTHOR NAME | |
| Personal name | Chaudhury, D.S. |
| 245 #0 - TITLE STATEMENT | |
| Title | 1977 Assembly elections in Haryana: A study of the voting behaviour of industrial workers |
| 260 ## - PUBLICATION, DISTRIBUTION, ETC. (IMPRINT) | |
| Year of publication | 0 |
| Name of publisher | ICSSR, New Delhi |
| 300 ## - PHYSICAL DESCRIPTION | |
| Number of Pages | 206 |
| 650 ## - SUBJECT ADDED ENTRY--TOPICAL TERM | |
| Topical Term | Voting research |
| Geographic subdivision | Haryana |
| 650 ## - SUBJECT ADDED ENTRY--TOPICAL TERM | |
| Topical Term | Labor and laboring classes |
| Form subdivision | Political activity |
| Geographic subdivision | Haryana |
| 650 ## - SUBJECT ADDED ENTRY--TOPICAL TERM | |
| Topical Term | Haryana |
| Form subdivision | Legislative assembaly |
| -- | Elections |
| Geographic subdivision | Haryana |
| -- | 1977 |
| 700 ## - ADDED ENTRY--PERSONAL NAME | |
| Personal name | Kar, Gati Krishna |
| 710 ## - ADDED ENTRY--CORPORATE NAME | |
| Corporate name or jurisdiction name as entry element | Maharishi Dayanand University, Rohtak |
| 942 ## - ADDED ENTRY ELEMENTS (KOHA) | |
| Koha item type | Research Reports |
| Source of classification or shelving scheme | Dewey Decimal Classification |
| Withdrawn status | Lost status | Damaged status | Not for loan | Collection code | Home library | Current library | Date acquired | Bill Date | Full call number | Accession Number | Price effective from | Koha item type |
|---|---|---|---|---|---|---|---|---|---|---|---|---|
| Not For Loan | ICSSR Research Project Reports | NASSDOC Library | NASSDOC Library | 08/10/2004 | 2004-10-22 | RC.0024 | 14874 | 18/04/2019 | Research Reports |
